[Event "XIV American Continental"]
[Site "Sao Paulo BRA"]
[Date "2019.07.10"]
[Round "8.41"]
[White "Guimaraes, Wagner Peixoto"]
[Black "De Arruda Filho, Nivaldo Jesus"]
[Result "1-0"]
[WhiteElo "2206"]
[BlackElo "2045"]
[EventDate "2019.07.05"]
[PlyCount "99"]
[EventRounds "11"]
[EventCountry "BRA"]

1.Nf3 Nf6 2.d4 g6 3.g3 Bg7 4.Bg2 O-O 5.O-O d5 6.b3 c5 7.c3 Ne4 8.Bb2 Nd7 
9.c4 dxc4 10.Qc2 Nd6 11.bxc4 Qc7 12.Na3 cxd4 13.Nxd4 Qc5 14.Nb3 Qb4 15.
Bxg7 Kxg7 16.Qc1 Nc5 17.Nd4 Bd7 18.Rb1 Qa4 19.Qe3 Ne6 20.Nxe6+ Bxe6 21.c5 
Nf5 22.Qc3+ Qd4 23.Qxd4+ Nxd4 24.Rxb7 Rac8 25.Re1 Rxc5 26.Rxa7 Bxa2 27.e3 
Nf5 28.Be4 Nd6 29.Bf3 e6 30.Rd1 Rd8 31.Kg2 Nb5 32.Nxb5 Rxd1 33.Rxa2 Rcc1 
34.Nd4 Rc7 35.h4 h5 36.Ra6 Rdc1 37.Be4 Kf6 38.Ne2 R1c4 39.Nd4 Ke7 40.Kf3 
R7c5 41.Bd3 Rc3 42.Bxg6 e5 43.Ne2 Rc6 44.Rxc6 Rxc6 45.Bxh5 f5 46.g4 Rc4 
47.gxf5 Rxh4 48.Ng3 Kf6 49.Bg4 Kf7 50.Nh5 1-0

[Event "XIV American Continental"]
[Site "Sao Paulo BRA"]
[Date "2019.07.10"]
[Round "8.42"]
[White "Caceres, Diego"]
[Black "Albuquerque Junior, Wellington S."]
[Result "1/2-1/2"]
[WhiteElo "2087"]
[BlackElo "2204"]
[EventDate "2019.07.05"]
[PlyCount "134"]
[EventRounds "11"]
[EventCountry "BRA"]

1.d4 Nf6 2.c4 c5 3.d5 b5 4.Qc2 g6 5.e4 d6 6.Nf3 Bg7 7.cxb5 a6 8.Nc3 O-O 9.
a4 Bb7 10.Bc4 axb5 11.Nxb5 e6 12.dxe6 Bxe4 13.exf7+ Kh8 14.Qb3 d5 15.Be2 
Rxf7 16.O-O Rb7 17.Bf4 Nc6 18.Qa3 Nh5 19.Bg5 Qf8 20.Be3 d4 21.Ng5 Bd5 22.
Bd2 Nf4 23.Bf3 Nb4 24.Bxd5 Nfxd5 25.Qh3 Bf6 26.Ne4 Be7 27.Bh6 Qf5 28.Qxf5 
gxf5 29.Ned6 Bxd6 30.Nxd6 Rba7 31.Nxf5 Rxa4 32.Rxa4 Rxa4 33.Re1 Kg8 34.Nd6
Ra8 35.h4 Rd8 36.Nb7 Rc8 37.Re5 Rc6 38.Bd2 c4 39.Rg5+ Kf8 40.Nd8 Rd6 41.
Nb7 Rc6 42.Nd8 Rd6 43.Nb7 Rc6 44.Nd8 c3 45.bxc3 dxc3 46.Rf5+ Ke8 47.Bxc3 
Rxc3 48.Ne6 Rc6 49.Ng5 h6 50.Ne4 Re6 51.f3 Ne3 52.Rf6 Rxf6 53.Nxf6+ Kf7 
54.Ne4 Nf5 55.g3 Nd3 56.Kg2 Nd4 57.g4 Ne1+ 58.Kh3 Nexf3 59.g5 h5 60.Ng3 
Kg6 61.Nxh5 Kxh5 62.g6 Nf5 63.g7 Nxg7 64.Kg3 Ne5 65.Kf4 Ng6+ 66.Ke4 Kg4 
67.h5 Nxh5 1/2-1/2

[Event "XIV American Continental"]
[Site "Sao Paulo BRA"]
[Date "2019.07.10"]
[Round "8.43"]
[White "Ferreira, Kleber Victor"]
[Black "Gauche, Charles"]
[Result "0-1"]
[WhiteElo "2038"]
[BlackElo "2200"]
[EventDate "2019.07.05"]
[PlyCount "102"]
[EventRounds "11"]
[EventCountry "BRA"]

1.d4 d5 2.e4 dxe4 3.Nc3 Bf5 4.f3 e3 5.Bxe3 e6 6.Qd2 Bb4 7.Nge2 Nf6 8.g4 
Bg6 9.O-O-O c6 10.h4 h6 11.Nf4 Nd5 12.Nxg6 Nxc3 13.Qd3 Nxd1 14.Nxh8 Nxe3 
15.Qxe3 Ke7 16.Qb3 Qb6 17.Bc4 Nd7 18.Nxf7 Kxf7 19.Bxe6+ Ke7 20.Bf5 Nf6 21.
c3 Nd5 22.Re1+ Kf8 23.cxb4 Qxd4 24.Re4 Qf2 25.a3 Qxh4 26.Kb1 Qf2 27.Bg6 
Qd2 28.b5 Rd8 29.bxc6 bxc6 30.Re5 Kg8 31.Be4 Kh8 32.Bxd5 cxd5 33.Qe3 Qxe3 
34.Rxe3 Rf8 35.Kc2 d4 36.Rd3 Rf4 37.Kd2 g6 38.Ke2 h5 39.gxh5 gxh5 40.Kf2 
h4 41.b4 Kg7 42.b5 Kf6 43.a4 Ke5 44.a5 Kd5 45.b6 axb6 46.axb6 Rf7 47.Rb3 
Rb7 48.Ke2 h3 49.f4 h2 50.Rb1 Rxb6 51.Rc1 Ke4 0-1

[Event "XIV American Continental"]
[Site "Sao Paulo BRA"]
[Date "2019.07.10"]
[Round "8.44"]
[White "Bouwman, Marcelo Wanderley"]
[Black "Sanches Casanova, Romario"]
[Result "0-1"]
[WhiteElo "2234"]
[BlackElo "2014"]
[EventDate "2019.07.05"]
[PlyCount "76"]
[EventRounds "11"]
[EventCountry "BRA"]

1.e4 c6 2.d4 d5 3.e5 Bf5 4.Ne2 e6 5.Ng3 Bg6 6.h4 h5 7.Be2 c5 8.c3 Nc6 9.
Be3 Qb6 10.Nd2 Qxb2 11.Rc1 cxd4 12.cxd4 Bb4 13.O-O Bxd2 14.Bxd2 Qxd4 15.
Qb3 Qb6 16.Qa4 Ne7 17.Bg5 O-O 18.Bxh5 Bxh5 19.Nxh5 Nf5 20.Rfe1 Qd4 21.Qxd4
Nfxd4 22.Rc3 Kh7 23.g4 Rac8 24.Kg2 Nb4 25.Rec1 Rxc3 26.Rxc3 Nbc6 27.Be3 a5
28.a4 Kg8 29.Ng3 Rb8 30.f4 b5 31.axb5 Rxb5 32.Kh3 Rb8 33.h5 a4 34.Kh4 Nf3+
35.Kh3 d4 36.Rxc6 dxe3 37.Rc2 Ra8 38.Ne4 e2 0-1

[Event "XIV American Continental"]
[Site "Sao Paulo BRA"]
[Date "2019.07.10"]
[Round "8.45"]
[White "Ermel, Francisco Roberto"]
[Black "Aranha Filho, Alvaro Zimmermann"]
[Result "0-1"]
[WhiteElo "2064"]
[BlackElo "2320"]
[EventDate "2019.07.05"]
[PlyCount "65"]
[EventRounds "11"]
[EventCountry "BRA"]

1.e4 c5 2.Nf3 Nc6 3.d3 g6 4.g3 Bg7 5.Bg2 e5 6.Nc3 Nge7 7.O-O d6 8.Nd2 O-O 
9.Nc4 f5 10.f4 Be6 11.Nd5 Qd7 12.c3 Rab8 13.a4 b6 14.Be3 Nd8 15.Qd2 Nf7 
16.Kh1 Kh8 17.Rf2 Nh6 18.Rff1 Ng4 19.fxe5 dxe5 20.Nxe7 Qxe7 21.Bg5 Qc7 22.
h3 Nf6 23.exf5 gxf5 24.Kh2 Rbe8 25.Qe2 f4 26.Nd2 fxg3+ 27.Kxg3 Nd5 28.Ne4 
Nf4 29.Bxf4 exf4+ 30.Kf3 c4 31.Rfe1 Bf7 32.Qd2 Bh5+ 33.Kf2 0-1

[Event "XIV American Continental"]
[Site "Sao Paulo BRA"]
[Date "2019.07.10"]
[Round "8.46"]
[White "Gasic Merino, Franco"]
[Black "Mariani, Daniel Brandao"]
[Result "0-1"]
[WhiteElo "2226"]
[BlackElo "2062"]
[EventDate "2019.07.05"]
[PlyCount "134"]
[EventRounds "11"]
[EventCountry "BRA"]

1.d4 d5 2.Nf3 Nf6 3.g3 c6 4.c4 Bf5 5.Nc3 e6 6.Nh4 Be4 7.f3 Bg6 8.Qb3 Qd7 
9.Nxg6 hxg6 10.Bg2 Na6 11.Be3 Bd6 12.Bf2 O-O-O 13.Qa4 Kb8 14.Rb1 e5 15.c5 
Bc7 16.b4 exd4 17.Bxd4 Rxh2 18.Rxh2 Bxg3+ 19.Kf1 Bxh2 20.b5 cxb5 21.Nxb5 
Qc6 22.Qa3 Nh5 23.Nxa7 Ng3+ 24.Ke1 Qe6 25.Bf1 Re8 26.Rb2 Nxf1 27.c6 Bg3+ 
28.Kd1 Ne3+ 29.Kc1 Qh3 30.Rxb7+ Ka8 31.Bxe3 Qf1+ 32.Kc2 Qxe2+ 33.Bd2 Bf4 
34.Qd3 Qxd3+ 35.Kxd3 Nc5+ 36.Kd4 Nxb7 37.Nb5 Bxd2 38.Nc7+ Kb8 39.Nxe8 Na5 
40.Kxd5 Kc8 41.Kc5 Bf4 42.Kb5 Kd8 43.c7+ Bxc7 44.Nxc7 Kxc7 45.Kxa5 g5 46.
Kb5 Kb7 47.Kc5 Ka6 48.Kd6 Kb5 49.Ke5 Ka4 50.Kf5 f6 51.a3 Kxa3 52.Kg6 Kb3 
53.Kxg7 f5 54.Kf6 g4 55.f4 g3 56.Kxf5 g2 57.Kf6 g1=Q 58.f5 Qg8 59.Ke7 Qg7+
60.Ke6 Qf8 61.f6 Kc4 62.f7 Kc5 63.Kf6 Kd6 64.Kg6 Ke5 65.Kh7 Qxf7+ 66.Kh6 
Qg8 67.Kh5 Kf5 0-1

[Event "XIV American Continental"]
[Site "Sao Paulo BRA"]
[Date "2019.07.10"]
[Round "8.47"]
[White "Labussiere, Victor"]
[Black "Takano, Nicholas Ryo"]
[Result "1-0"]
[WhiteElo "2194"]
[BlackElo "2077"]
[EventDate "2019.07.05"]
[PlyCount "121"]
[EventRounds "11"]
[EventCountry "BRA"]

1.e4 c5 2.Nc3 Nc6 3.Bb5 Nd4 4.Bc4 g6 5.Nf3 Bg7 6.Nxd4 cxd4 7.Qf3 e6 8.Nb5 
d6 9.Qa3 Bf8 10.Nxd4 d5 11.Bb5+ Bd7 12.Qd3 Nf6 13.e5 Ne4 14.O-O Bg7 15.Nf3
O-O 16.Bxd7 Qxd7 17.Qe2 Rac8 18.d3 Nc5 19.Be3 Na4 20.Bd4 Qc6 21.c3 a5 22.
Rfc1 b5 23.Be3 Rc7 24.d4 Rfc8 25.h3 Qc4 26.Qd2 Nb6 27.b3 Qc6 28.Ne1 Bf8 
29.Rc2 Qa8 30.Qd3 Re8 31.Kh2 a4 32.Rb1 axb3 33.axb3 Qc6 34.Ra1 Ra8 35.Rxa8
Nxa8 36.Ra2 Rc8 37.Bd2 Nc7 38.Nc2 Ra8 39.Nb4 Bxb4 40.Rxa8+ Qxa8 41.cxb4 
Qc6 42.Bg5 Ne8 43.Be7 Qd7 44.Bg5 Qc6 45.Qd2 Ng7 46.Be7 Qd7 47.Bc5 Ne8 48.
Qh6 Ng7 49.Qg5 Ne8 50.Qh6 Ng7 51.g4 Qe8 52.Qg5 Qd7 53.h4 h5 54.f3 Kh7 55.
Kg3 Qc7 56.Kh3 Qb7 57.Qf6 Qa6 58.Bf8 hxg4+ 59.fxg4 Ne8 60.Qxf7+ Kh8 61.
Qxe8 1-0

[Event "XIV American Continental"]
[Site "Sao Paulo BRA"]
[Date "2019.07.10"]
[Round "8.48"]
[White "Markzon, Gregory"]
[Black "Curi Milia, Gabriel"]
[Result "1/2-1/2"]
[WhiteElo "2059"]
[BlackElo "2185"]
[EventDate "2019.07.05"]
[PlyCount "85"]
[EventRounds "11"]
[EventCountry "BRA"]

1.d4 d5 2.c4 c6 3.Nf3 Nf6 4.Nc3 e6 5.Qc2 Nbd7 6.g3 Be7 7.Bg2 O-O 8.O-O b6 
9.Bf4 Ba6 10.Rfd1 Bxc4 11.Ne5 Nxe5 12.dxe5 Nd7 13.e4 Rc8 14.h4 Qc7 15.Rac1
Qd8 16.Qd2 Qe8 17.h5 Nc5 18.b3 Bxb3 19.axb3 Nxb3 20.Qb2 Nxc1 21.exd5 cxd5 
22.Bxc1 f6 23.h6 Qh5 24.hxg7 Kxg7 25.Re1 fxe5 26.Bd2 Qf5 27.Rf1 Bc5 28.Nd1
Bd4 29.Qa3 Rf7 30.Bc3 a5 31.Qb2 Qd3 32.Bxd4 Qxd4 33.Qe2 a4 34.Ne3 a3 35.
Rd1 Qa4 36.Qh5 a2 37.Qxe5+ Kg8 38.Ra1 Qa3 39.Ng4 Rc1+ 40.Kh2 Rxa1 41.Qg5+ 
Kf8 42.Qd8+ Kg7 43.Qg5+ 1/2-1/2

[Event "XIV American Continental"]
[Site "Sao Paulo BRA"]
[Date "2019.07.10"]
[Round "8.49"]
[White "Lage, Pedro Ferreira"]
[Black "Abrantes, Tiago Garrido"]
[Result "1-0"]
[WhiteElo "2050"]
[BlackElo "2177"]
[EventDate "2019.07.05"]
[PlyCount "111"]
[EventRounds "11"]
[EventCountry "BRA"]

1.Nf3 Nf6 2.c4 c5 3.Nc3 d5 4.cxd5 Nxd5 5.e4 Nb4 6.Bb5+ N8c6 7.d4 cxd4 8.a3
Bd7 9.axb4 dxc3 10.bxc3 g6 11.O-O Bg7 12.Qd3 a6 13.Rd1 O-O 14.Ba4 Ne5 15.
Qe2 Qc7 16.Bxd7 Nxd7 17.Bg5 Nb6 18.Rac1 Nc4 19.Nd2 Rac8 20.Nxc4 Qxc4 21.
Qxc4 Rxc4 22.Bxe7 Re8 23.Bc5 Rcxe4 24.Kf1 Rc4 25.Rd7 Rxc3 26.Rcd1 h5 27.
Rxb7 a5 28.Ra7 axb4 29.Bxb4 Rc2 30.Re7 Rb8 31.Bd2 Rd8 32.Ke1 Bd4 33.Re2 
Bb6 34.f3 Kg7 35.Bh6+ Kxh6 36.Rxc2 Ba5+ 37.Ke2 Re8+ 38.Kf1 Re7 39.Rc6 Bc7 
40.Kg1 Be5 41.Rc2 Bc7 42.g3 h4 43.Kg2 hxg3 44.hxg3 Kg7 45.Rd3 Bb8 46.Rcd2 
Re6 47.Rd7 Rb6 48.Re2 Bd6 49.Re4 g5 50.Kh3 Bb8 51.Ree7 Rf6 52.Kg4 Bd6 53.
Re8 Kh7 54.Rdd8 Kg6 55.Rh8 Kg7 56.Rdg8# 1-0

[Event "XIV American Continental"]
[Site "Sao Paulo BRA"]
[Date "2019.07.10"]
[Round "8.50"]
[White "Dos Reis, Leandro Aparecido C."]
[Black "Carvalho Fattoruso, Guillermo"]
[Result "0-1"]
[WhiteElo "1990"]
[BlackElo "2162"]
[EventDate "2019.07.05"]
[PlyCount "115"]
[EventRounds "11"]
[EventCountry "BRA"]

1.d4 d5 2.e4 dxe4 3.Nc3 Nf6 4.f3 e3 5.Bxe3 e6 6.Bd3 Nc6 7.Nge2 Nb4 8.a3 
Nbd5 9.Bf2 Nxc3 10.Nxc3 Be7 11.Qe2 Nd5 12.Nxd5 exd5 13.O-O-O O-O 14.h4 Re8
15.Rde1 Bd7 16.g4 b5 17.Qf1 b4 18.axb4 Bxb4 19.Re5 Rxe5 20.dxe5 a5 21.Qe2 
a4 22.c3 Be7 23.f4 c5 24.c4 a3 25.b3 a2 26.Kb2 Qa5 27.Ra1 Qa3+ 28.Kc2 Rb8 
29.Kd1 Qxb3+ 30.Bc2 Qh3 31.e6 Qh1+ 32.Be1 fxe6 33.Rxa2 Bxh4 34.Ra7 Bxe1 
35.Qxe1 Qxe1+ 36.Kxe1 Rd8 37.Rc7 dxc4 38.Rxc5 Rc8 39.Rh5 g6 40.Ra5 Rf8 41.
Ra7 Bc6 42.f5 gxf5 43.Rc7 Bd5 44.gxf5 exf5 45.Rc5 Be6 46.Re5 Rf6 47.Kf2 
Kf7 48.Ke3 f4+ 49.Kf3 h6 50.Be4 Ke7 51.Rc5 Kd6 52.Rc6+ Ke5 53.Rc5+ Kd4 54.
Rc6 h5 55.Rd6+ Ke5 56.Rc6 Bg4+ 57.Kf2 Rxc6 58.Bxc6 0-1

[Event "XIV American Continental"]
[Site "Sao Paulo BRA"]
[Date "2019.07.10"]
[Round "8.51"]
[White "Campelo, Leandro Fabricio"]
[Black "Moreira, Ronaldo Alonso"]
[Result "1/2-1/2"]
[WhiteElo "2155"]
[BlackElo "2058"]
[EventDate "2019.07.05"]
[PlyCount "93"]
[EventRounds "11"]
[EventCountry "BRA"]

1.e4 e6 2.d4 d5 3.Nc3 Nf6 4.Bg5 dxe4 5.Nxe4 Be7 6.Bxf6 gxf6 7.Nf3 f5 8.Ng3
c5 9.dxc5 Bxc5 10.Bd3 Nd7 11.O-O a6 12.Qe2 O-O 13.a4 b6 14.Rad1 Qf6 15.c3 
Ra7 16.Rfe1 Bb7 17.b4 Bd6 18.Bb1 Bxg3 19.hxg3 Qxc3 20.Nd4 Nf6 21.Qe5 Ne8 
22.g4 Qc7 23.Qe3 Kh8 24.gxf5 Rg8 25.Be4 Bxe4 26.Qxe4 Qb7 27.Nc6 exf5 28.
Qd4+ f6 29.b5 Qg7 30.g3 Ra8 31.Re7 Qg5 32.Qd7 Qg6 33.Nd4 Ng7 34.Nf3 Qg4 
35.Nh4 axb5 36.axb5 Ra2 37.Kg2 Raa8 38.Rd4 Ra7 39.Qxa7 Qxd4 40.Qd7 Qxd7 
41.Rxd7 f4 42.Kf3 fxg3 43.fxg3 Rb8 44.Rd6 Kg8 45.Rxf6 Rf8 46.Rxf8+ Kxf8 
47.Ke4 1/2-1/2

[Event "XIV American Continental"]
[Site "Sao Paulo BRA"]
[Date "2019.07.10"]
[Round "8.52"]
[White "Madeira, Wagner Martins"]
[Black "Torella, Rodolfo"]
[Result "0-1"]
[WhiteElo "2150"]
[BlackElo "2047"]
[EventDate "2019.07.05"]
[PlyCount "72"]
[EventRounds "11"]
[EventCountry "BRA"]

1.e4 g6 2.d4 Bg7 3.Nc3 d6 4.Nf3 a6 5.a4 Nd7 6.Bc4 h6 7.O-O e6 8.Be3 Ne7 9.
Qd2 b6 10.Rad1 Bb7 11.d5 e5 12.Ne1 f5 13.f3 f4 14.Bf2 g5 15.Nd3 Nf6 16.Nb4
h5 17.Qe2 Qc8 18.Kh1 Ng6 19.Ra1 a5 20.Bb5+ Kf8 21.Nc6 g4 22.Bg1 g3 23.b4 
axb4 24.Nxb4 gxh2 25.Bf2 h4 26.a5 bxa5 27.Nc6 a4 28.Rfb1 Nh5 29.Rxa4 Ng3+ 
30.Bxg3 fxg3 31.Rxa8 Qxa8 32.Qe1 Nf4 33.Ne2 h3 34.Nxf4 exf4 35.Bf1 Bxc6 
36.dxc6 Qa7 0-1

[Event "XIV American Continental"]
[Site "Sao Paulo BRA"]
[Date "2019.07.10"]
[Round "8.53"]
[White "Freitas Capiberibe, Andre Antoni"]
[Black "Freitas, Remulo Aguiar"]
[Result "1/2-1/2"]
[WhiteElo "2024"]
[BlackElo "2129"]
[EventDate "2019.07.05"]
[PlyCount "136"]
[EventRounds "11"]
[EventCountry "BRA"]

1.e4 c5 2.Nc3 Nc6 3.Nge2 Nf6 4.d3 d5 5.exd5 Nxd5 6.Nxd5 Qxd5 7.Nc3 Qd8 8.
g3 g6 9.Bg2 Bg7 10.Be3 Nd4 11.O-O O-O 12.Ne2 Bg4 13.Bxd4 Bxd4 14.h3 Be6 
15.Nxd4 Qxd4 16.c3 Qd7 17.Qe2 Rfe8 18.Kh2 Bd5 19.Qe5 Rad8 20.Rfd1 Bxg2 21.
Kxg2 Qd5+ 22.Qxd5 Rxd5 23.Rd2 Red8 24.Rad1 e5 25.Kf3 f5 26.Ke3 Kf7 27.f3 
Ke6 28.d4 exd4+ 29.cxd4 Rc8 30.dxc5 Rcxc5 31.Rxd5 Rxd5 32.Rc1 Re5+ 33.Kf2 
Kd6 34.f4 Rc5 35.Rd1+ Rd5 36.Re1 Rd2+ 37.Re2 Rd1 38.Rc2 b5 39.a3 a5 40.Ke3
Rg1 41.Kf2 Rh1 42.Kg2 Rd1 43.h4 Kd5 44.b4 axb4 45.axb4 Ke4 46.Re2+ Kd4 47.
Re7 Kc4 48.Rxh7 Kxb4 49.Rh6 Rd6 50.h5 Rd2+ 51.Kf1 gxh5 52.Rxh5 Kc4 53.Rxf5
b4 54.Ke1 Rg2 55.Kd1 Rg1+ 56.Kc2 Rg2+ 57.Kc1 Rxg3 58.Rg5 Rf3 59.Rg1 Kb3 
60.Kb1 Ka3 61.Rh1 Rxf4 62.Rh3+ b3 63.Rh1 Rf2 64.Rg1 Rb2+ 65.Ka1 Rh2 66.Rf1
Rh8 67.Rg1 Rc8 68.Rh1 Rc2 1/2-1/2

[Event "XIV American Continental"]
[Site "Sao Paulo BRA"]
[Date "2019.07.10"]
[Round "8.54"]
[White "Andrade, Roberto Luiz Costa"]
[Black "Urquiza, Marcello de Albuquerque"]
[Result "1/2-1/2"]
[WhiteElo "2123"]
[BlackElo "2043"]
[EventDate "2019.07.05"]
[PlyCount "152"]
[EventRounds "11"]
[EventCountry "BRA"]

1.e4 c5 2.Nf3 e6 3.d4 cxd4 4.Nxd4 a6 5.Nc3 Qc7 6.Bd3 Nc6 7.Be3 Nf6 8.O-O 
Nxd4 9.Bxd4 Bc5 10.Bxf6 gxf6 11.Qg4 Be7 12.Qg7 Rf8 13.Qxh7 d6 14.f4 Bd7 
15.f5 Bc6 16.fxe6 fxe6 17.Rae1 O-O-O 18.Nd5 Bxd5 19.exd5 e5 20.Kh1 Kb8 21.
Qe4 Rh8 22.Qc4 Qxc4 23.Bxc4 Rh4 24.Bd3 Rdh8 25.h3 Rd4 26.Be4 Rh4 27.Bf3 f5
28.Rd1 Rxd1 29.Rxd1 e4 30.Be2 Bf6 31.c3 Be5 32.Rf1 f4 33.Bg4 e3 34.Kg1 Kc7
35.Rd1 b5 36.Kf1 Kb6 37.Ke2 Kc5 38.Kf3 a5 39.Ke4 Rh7 40.Kf3 a4 41.Ke4 Re7 
42.Be6 a3 43.bxa3 Kc4 44.Kf3 Rg7 45.Bg4 Kxc3 46.Ke2 Kb2 47.g3 fxg3 48.Kxe3
Kxa2 49.Rd3 Ra7 50.Be2 Rf7 51.Bf3 Bb2 52.h4 Bxa3 53.Rd2+ Kb3 54.Bd1+ Kb4 
55.Rd4+ Ka5 56.Rg4 Bc5+ 57.Kd3 Rh7 58.Rxg3 Rxh4 59.Bg4 Rh1 60.Rg2 Ra1 61.
Bf3 Ra3+ 62.Ke4 Re3+ 63.Kf4 b4 64.Re2 Ra3 65.Rh2 Bd4 66.Rh7 Be5+ 67.Ke4 b3
68.Rb7 b2 69.Be2 Ra4+ 70.Ke3 Ra1 71.Bd3 Rc1 72.Ke2 Bc3 73.Rb8 Bb4 74.Ra8+ 
Kb6 75.Rb8+ Ka5 76.Ra8+ Kb6 1/2-1/2

[Event "XIV American Continental"]
[Site "Sao Paulo BRA"]
[Date "2019.07.10"]
[Round "8.56"]
[White "Silva, Kaua Marques"]
[Black "Januario, Severino Pereira"]
[Result "1-0"]
[WhiteElo "1965"]
[BlackElo "2112"]
[EventDate "2019.07.05"]
[PlyCount "77"]
[EventRounds "11"]
[EventCountry "BRA"]

1.e4 c5 2.Nf3 e6 3.d4 cxd4 4.Nxd4 a6 5.Nc3 Qc7 6.Bd3 Nf6 7.O-O Be7 8.Qe2 
d6 9.Kh1 Nc6 10.Nb3 b5 11.a3 Bb7 12.f4 h5 13.Be3 h4 14.Rad1 h3 15.g4 b4 
16.Na4 Nd7 17.Kg1 bxa3 18.bxa3 g5 19.f5 exf5 20.Rxf5 Nce5 21.Bf2 f6 22.Nd4
Kf7 23.Be1 d5 24.exd5 Bxd5 25.Nc3 Bb7 26.Be4 Bc5 27.Bxb7 Qxb7 28.Ne4 Bxd4+
29.Rxd4 Kg7 30.Nxf6 Nxf6 31.Rxe5 Rhe8 32.Bg3 Rxe5 33.Bxe5 Re8 34.Bxf6+ 
Kxf6 35.Qd2 Re6 36.Rd5 Ke7 37.Qxg5+ Rf6 38.Qg7+ Rf7 39.Qe5+ 1-0

[Event "XIV American Continental"]
[Site "Sao Paulo BRA"]
[Date "2019.07.10"]
[Round "8.57"]
[White "Maia, Marco Aurelio Ferreira"]
[Black "Do Nascimento, Christian Almeida"]
[Result "1/2-1/2"]
[WhiteElo "2108"]
[BlackElo "2033"]
[EventDate "2019.07.05"]
[PlyCount "109"]
[EventRounds "11"]
[EventCountry "BRA"]

1.d4 d5 2.c4 e6 3.Nc3 Nf6 4.cxd5 exd5 5.Bg5 Be6 6.e3 Nbd7 7.Qc2 a6 8.Bd3 
Bd6 9.Nge2 h6 10.Bh4 c6 11.Bg3 Qe7 12.Bxd6 Qxd6 13.Nf4 O-O 14.O-O Rfe8 15.
Rab1 g5 16.Nxe6 Rxe6 17.Bf5 Re7 18.Ne2 Nh5 19.b4 Ndf6 20.Qc5 Qc7 21.Rfc1 
Ng7 22.Ng3 Rae8 23.Rb3 h5 24.Qc2 h4 25.Nf1 Ne4 26.Bxe4 Rxe4 27.a4 Qd7 28.
b5 axb5 29.axb5 R4e6 30.bxc6 bxc6 31.Rc3 Rc8 32.Nd2 h3 33.Nf3 f6 34.g3 Rd6
35.Ne1 Qg4 36.Qd1 Qf5 37.Qf3 Qd7 38.Nd3 g4 39.Qe2 Qf5 40.Ne1 Qe6 41.Qd3 f5
42.Nc2 Ne8 43.Ne1 Nf6 44.R3c2 Ne4 45.Qe2 Ng5 46.f4 Ne4 47.Nd3 Rd7 48.Ne5 
Rdc7 49.Qa6 Rb8 50.Qa5 Rcc8 51.Qa7 Ra8 52.Qb7 Rab8 53.Qa6 Rc7 54.Qa5 Rcc8 
55.Qa7 1/2-1/2

[Event "XIV American Continental"]
[Site "Sao Paulo BRA"]
[Date "2019.07.10"]
[Round "8.58"]
[White "De Freitas, Julio Eimard"]
[Black "Carvalho, Felipe Lobo"]
[Result "0-1"]
[WhiteElo "1799"]
[BlackElo "2106"]
[EventDate "2019.07.05"]
[PlyCount "72"]
[EventRounds "11"]
[EventCountry "BRA"]

1.d4 c5 2.c3 Nf6 3.Nf3 e6 4.Bg5 Qc7 5.e3 Be7 6.Nbd2 b6 7.Bd3 Bb7 8.O-O d6 
9.Re1 Nbd7 10.Rc1 O-O 11.Qe2 Rfe8 12.e4 e5 13.d5 Bf8 14.h3 h6 15.Be3 g6 
16.c4 Bg7 17.Nf1 Kh7 18.g4 Ng8 19.Ng3 Rf8 20.Kg2 Rae8 21.Rh1 Bc8 22.h4 
Ndf6 23.Ng5+ Kh8 24.f3 Nh7 25.Rh2 f6 26.Nh3 Qf7 27.Rch1 Ne7 28.Qd2 f5 29.
gxf5 gxf5 30.Bxh6 f4 31.Bxg7+ Qxg7 32.Kg1 Bxh3 33.Rxh3 fxg3 34.Kg2 Rg8 35.
Qe1 Ng6 36.Rxg3 Nf4+ 0-1

[Event "XIV American Continental"]
[Site "Sao Paulo BRA"]
[Date "2019.07.10"]
[Round "8.59"]
[White "Barreto, Ignacio C. De Barros"]
[Black "Guerreiro, Alexandre Vieira"]
[Result "1/2-1/2"]
[WhiteElo "2101"]
[BlackElo "2016"]
[EventDate "2019.07.05"]
[PlyCount "35"]
[EventRounds "11"]
[EventCountry "BRA"]

1.d4 Nf6 2.c4 e6 3.Nf3 Bb4+ 4.Bd2 c5 5.g3 b6 6.Bg2 Bb7 7.O-O Bxd2 8.Qxd2 
cxd4 9.Qxd4 O-O 10.Nc3 Nc6 11.Qd6 Ne7 12.Rfd1 Rc8 13.b3 Nf5 14.Qf4 a6 15.
e4 Ne7 16.e5 Ne8 17.Qd4 Bc6 18.Rac1 1/2-1/2

[Event "XIV American Continental"]
[Site "Sao Paulo BRA"]
[Date "2019.07.10"]
[Round "8.60"]
[White "Souza, Wellington"]
[Black "Japiassu, Ricardo de Villa Nova"]
[Result "0-1"]
[WhiteElo "2097"]
[BlackElo "1990"]
[EventDate "2019.07.05"]
[PlyCount "120"]
[EventRounds "11"]
[EventCountry "BRA"]

1.d4 Nf6 2.Nf3 c5 3.c3 b6 4.dxc5 bxc5 5.e4 d6 6.Bd3 Nbd7 7.Nbd2 g6 8.O-O 
Bg7 9.Re1 Ng4 10.Nc4 O-O 11.h3 Nge5 12.Ncxe5 Nxe5 13.Nxe5 Bxe5 14.Bh6 Bg7 
15.Qd2 Rb8 16.Bxg7 Kxg7 17.Re2 Qa5 18.e5 d5 19.Qg5 Re8 20.Rd2 Be6 21.h4 
Rb7 22.f4 c4 23.Bb1 Qc5+ 24.Rd4 f6 25.Qg3 fxe5 26.fxe5 Rf8 27.h5 Bf5 28.
hxg6 hxg6 29.Bxf5 Rxf5 30.Rf1 Rxf1+ 31.Kxf1 Rxb2 32.Kg1 Rd2 33.Qf4 Rxd4 
34.cxd4 Qb6 35.Qh4 Qe6 36.Qe1 Qg4 37.Qf2 Qd1+ 38.Kh2 Qh5+ 39.Kg1 Qf5 40.
Qd2 Qb1+ 41.Kf2 Qf5+ 42.Kg1 Qe4 43.Kf1 Kf7 44.a4 Ke6 45.a5 Kf5 46.Kg1 g5 
47.Qf2+ Qf4 48.Qc2+ Qe4 49.Qf2+ Kg6 50.Qd2 g4 51.Qc3 Kf5 52.Kf2 e6 53.a6 
Qf4+ 54.Kg1 g3 55.Qc2+ Qe4 56.Qd1 Qe3+ 57.Kh1 Qh6+ 58.Kg1 Qh2+ 59.Kf1 Qh1+
60.Ke2 Qxg2+ 0-1

[Event "XIV American Continental"]
[Site "Sao Paulo BRA"]
[Date "2019.07.10"]
[Round "8.61"]
[White "Souza, Rafael Cabral de"]
[Black "De Souza, Cristiano Gomes"]
[Result "0-1"]
[WhiteElo "2094"]
[BlackElo "2000"]
[EventDate "2019.07.05"]
[PlyCount "76"]
[EventRounds "11"]
[EventCountry "BRA"]

1.e4 c5 2.Nf3 d6 3.Bb5+ Bd7 4.a4 Nc6 5.O-O e6 6.Re1 Nf6 7.c3 Be7 8.d4 cxd4
9.cxd4 d5 10.e5 Ne4 11.Nc3 Nxc3 12.bxc3 O-O 13.g3 Rc8 14.Bd3 f5 15.exf6 
Bxf6 16.Bd2 b6 17.Ba6 Ra8 18.Bf4 Qe7 19.Ra2 g5 20.Be5 Nxe5 21.Nxe5 Be8 22.
Qg4 h5 23.Qe2 Kg7 24.a5 Qd6 25.Bb7 Rd8 26.axb6 axb6 27.Ra7 Qb8 28.Qa6 Bxe5
29.Ba8+ Rf7 30.Rxf7+ Bxf7 31.Rxe5 Qxa8 32.Qxb6 Qb8 33.Qa5 Kf6 34.Qa1 Bg6 
35.Qc1 Qb1 36.Qxb1 Bxb1 37.f3 Bf5 38.Re1 Rb8 0-1

[Event "XIV American Continental"]
[Site "Sao Paulo BRA"]
[Date "2019.07.10"]
[Round "8.62"]
[White "Carvalho, Herbert Abreu"]
[Black "Bassani, Jaison Jose"]
[Result "1-0"]
[WhiteElo "2089"]
[BlackElo "1973"]
[EventDate "2019.07.05"]
[PlyCount "79"]
[EventRounds "11"]
[EventCountry "BRA"]

1.Nf3 d5 2.e3 Nf6 3.b3 Bg4 4.Be2 c6 5.Bb2 Nbd7 6.d4 e6 7.Nbd2 Bd6 8.Ne5 
Bxe2 9.Qxe2 O-O 10.O-O Ne4 11.Nxe4 dxe4 12.Nc4 Bc7 13.Ba3 Re8 14.Nd6 Bxd6 
15.Bxd6 Nf8 16.Bg3 Ng6 17.c4 Qg5 18.f4 Qf5 19.h3 h5 20.Be1 h4 21.Qg4 Qxg4 
22.hxg4 f5 23.g5 Rad8 24.Bb4 Kf7 25.Kf2 Rh8 26.Rh1 Rh7 27.Rh3 Rdh8 28.Ke2 
Rh5 29.a4 R5h7 30.a5 a6 31.Bc5 Ne7 32.Bb6 g6 33.Bc7 Rh5 34.Be5 R8h7 35.Ra4
c5 36.dxc5 Nc6 37.Bf6 Ke8 38.b4 Rd7 39.b5 Na7 40.Rb4 1-0

[Event "XIV American Continental"]
[Site "Sao Paulo BRA"]
[Date "2019.07.10"]
[Round "8.63"]
[White "Bil Ramos, Angelo"]
[Black "Adasme Fredes, Mauricio"]
[Result "1-0"]
[WhiteElo "1937"]
[BlackElo "2088"]
[EventDate "2019.07.05"]
[PlyCount "29"]
[EventRounds "11"]
[EventCountry "BRA"]

1.e4 c5 2.Nf3 e6 3.c3 Nf6 4.e5 Nd5 5.Bc4 Nb6 6.Bb3 d6 7.d4 cxd4 8.cxd4 Nc6
9.O-O Be7 10.Qe2 dxe5 11.dxe5 Nd4 12.Nxd4 Qxd4 13.Rd1 Qh4 14.Be3 Nd7 15.
Rd4 1-0

[Event "XIV American Continental"]
[Site "Sao Paulo BRA"]
[Date "2019.07.10"]
[Round "8.64"]
[White "Zimmermann, Kleber Renato Pereira"]
[Black "Caceres Vasquez, Sergio"]
[Result "1/2-1/2"]
[WhiteElo "1950"]
[BlackElo "2081"]
[EventDate "2019.07.05"]
[PlyCount "90"]
[EventRounds "11"]
[EventCountry "BRA"]

1.d4 d5 2.c4 c6 3.Nc3 Nf6 4.e3 e6 5.Nf3 Nbd7 6.Bd3 dxc4 7.Bxc4 b5 8.Bd3 
Bb7 9.O-O a6 10.e4 c5 11.d5 c4 12.Bc2 Qc7 13.dxe6 fxe6 14.Ng5 Nc5 15.Be3 
h6 16.Nxe6 Nxe6 17.e5 Qxe5 18.Bg6+ Ke7 19.Re1 Rd8 20.Qxd8+ Nxd8 21.Bc5+ 
Ke6 22.Rxe5+ Kxe5 23.Re1+ Ne4 24.Bb6 Bb4 25.Bxe4 Bxc3 26.bxc3 Bxe4 27.f3 
Ne6 28.Rxe4+ Kd5 29.Kf2 Rb8 30.Ba5 Rb7 31.g3 Rf7 32.h4 h5 33.Bb4 g6 34.Re2
Rd7 35.Rd2+ Kc6 36.Rxd7 Kxd7 37.Ke3 Nd8 38.g4 Nc6 39.Bf8 Ke6 40.Kf4 Kf6 
41.Bd6 Ke6 42.Bf8 Kf7 43.Bc5 Kf6 44.Bd6 Ke6 45.Bf8 Kf7 1/2-1/2